| Поле | Инд. | ПП | Название | Значение |
|---|---|---|---|---|
| Тип записи | a | |||
| Библиографический уровень | b | |||
| 001 | Контрольный номер | RU/IS/BASE/308917828 | ||
| 005 | Дата корректировки | 20200522191343.4 | ||
| 008 | Кодируемые данные | 20091015 | ||
| 040 | b | Код языка каталог. | rus | |
| e | Правила каталог. | PSBO | ||
| 041 | 0_ | a | Код языка текста | rus |
| 084 | a | Индекс другой классификации/Индекс ББК | 65.54; 65.428.8-65; 66.4(0),4; 66.033.12 | |
| 100 | 1_ | a | Автор | Шебло О. Д. |
| q | Полное имя | Шебло Олеся Димтриевна | ||
| 245 | 10 | a | Заглавие | Проблема категориального определения региональных процессов |
| 504 | a | Библиография | Библиогр.: с. 62 - 64 | |
| 520 | a | Аннотация | Статья посвящена анализу категориальных определений региональных процессов мировой политики. В ней рассматриваются интерпретации понятий "регион" в различных науках, дается краткий обзор теорий региональной интеграции, приводится понятие "регионализма". Рассказывается о старом и новом регионализме, как формы нового регионализма выделяются открытый и закрытый регионализм. В числе вариантов закрытого регионализма указываются девелопменталистский регионализм и секьюрити-регионализм. В заключении делается вывод об исторической вариабильности стратегий развития | |
| 650 | a | Основная рубрика | внешняя торговля | |
| a | Основная рубрика | мировая экономика | ||
| a | Основная рубрика | политика | ||
| a | Основная рубрика | политология | ||
| a | Основная рубрика | торговля | ||
| a | Основная рубрика | экономика | ||
| 653 | a | Ключевые слова | междисциплинарные исследования | |
| a | Ключевые слова | международные торговые организации | ||
| a | Ключевые слова | международные экономические отношения | ||
| a | Ключевые слова | мировая торговля | ||
| a | Ключевые слова | новый регионализм | ||
| a | Ключевые слова | политическая регионалистика | ||
| a | Ключевые слова | регионализация | ||
| a | Ключевые слова | регионализм | ||
| a | Ключевые слова | региональная интеграция | ||
| a | Ключевые слова | региональные объединения | ||
| a | Ключевые слова | региональные экономические организации | ||
| a | Ключевые слова | экономическая интеграция | ||
| 773 | 08 | t | Заглавие источника | Вестник Московского университета. Серия 18, Социология и политология |
| d | Дата издания источника | 2009 | ||
| g | Прочая информация | № 1. - С. 50 - 64 | ||
| w | Контрольный № источника | RU/IS/BASE/299591355 | ||
| 901 | t | Тип документа | b |